000
00223nam a2200085Ia 4500
245
0
_a
The widows of Eastwick
100
_a
UPDIKE, John Oxford, 2009
_9
86395
942
_c
BK
008
210817s9999 xx 000 0 und d
999
_c
330061
_d
330060